000 006910000a22002050004500
090 _aAR
_b00910
245 1 0 _aRudgea monofructus (<Rubiaceae>), an unusual new species from Costa Rica
650 1 4 _aVegetación
_992799
650 1 4 _aNuevas especies
_992905
650 1 4 _aMorfología vegetal
_918295
650 1 4 _aSistemática vegetal
_95234
651 4 _lVolcán Miraballes
_pCosta rica
_992749
653 _fRubiaceae
_gRudgea
_eRudgea monofructus
041 0 _aInglés
700 1 _aGómez Laurito, Jorge
_994099
700 1 _aDwyer, John
_994100
100 1 _aTaylor, Charlotte M.
_99073
942 _cARTICULO
773 1 _tNovon: a Journal for Botanical Nomenclature
_356
_h1
_q50-51
_d1991
_g1
999 _c9998
_d9998